| 000 | 00699cab a2200253 4500 | ||
|---|---|---|---|
| 001 | ABS48347 | ||
| 008 | 090401t1993 xxu||||| |||| 00| 0 eng d | ||
| 035 | _a(Sirsi) u66294 | ||
| 041 | _aeng | ||
| 100 | _aMilne, R. | ||
| 245 | _aUnion makes the link | ||
| 260 | _c1993 | ||
| 350 | _a0 | ||
| 490 |
_aPlanning (for the Natural and Built Environment) _v(1011) 26 March 1993, 4-5(2) |
||
| 520 | _aDescribes the latest plans for the route of the Channel Tunnel Rail Link. | ||
| 650 | _aCHANNEL TUNNEL | ||
| 650 | _aRAIL LINK | ||
| 650 | _aRAILWAYS | ||
| 650 | _aUNION RAILWAYS | ||
| 690 | _aTRANSPORT AND COMMUNICATIONS | ||
| 700 | _aJohnston, B. | ||
| 942 | _n0 | ||
| 948 | _c04/03/1997 | ||
| 999 |
_c41448 _d41448 |
||